00901nam a2200217Ia 4500952015200000952015200152999001700304003000400321005001700325008004100342020001800383040000900401082002200410100002200432245008700454250001300541260004200554300001000596650002700606942005000633 00102ddc40708FINANCIAL ECONOMICSaMESbMEScECO d2019-02-20g350.00l0o332.632042 BHA/Ip27329r2019-02-20 00:00:00t1w2019-02-20yBKzGL6R3 00102ddc40708FINANCIAL ECONOMICSaMESbMEScECO d2019-02-20g350.00l0o332.632042 BHA/Ip27330r2019-02-20 00:00:00t2w2019-02-20yBKzGL6R3 c10711d10711OSt20200106132021.0190216s9999||||xx |||||||||||||| ||und|| a9788121912488 coclc a332.632042bBHA/I aBhalla, V K91070 0aInvestment Management :bSecurity Analysis And Portfolio Management /c V K Bhalla a10th ed. bS Chand & Company,c2004.aNew Delhi: a1012p aEconomicsxInvestments cBK2ddch332.632042iBHA/Ik332.632042mBHA/I